000 00831nam a2200229 i 4500
001 50409
003 ES-MaACL
005 20250716120810.0
007 t|
008 030804s1917 sp f |||| | spa d
100 1 _aQuadra Salcedo, Fernando de la,
_d1889-1936
_941881
245 1 0 _aEnsayos sobre el renacimiento vasco /
_cpor Fernando de la Cuadra Salcedo.
260 _aBilbao :
_bDochao,
_c1917.
300 _aXV, 222 p., [10] h. de lám. ;
_c17 cm.
500 _aLleva estas dos fechas: 1820-1917.
530 _aDisponible en formato digital.
651 4 _aPaís Vasco-
_xCultura.
_99148
852 _aES-MaACL
_jF-1657
_cDEPO2
_zRevisado enlace: 16 de julio de 2025
856 4 _uhttp://bdh-rd.bne.es/viewer.vm?id=0000204230&page=1
_y(Biblioteca Digital Hispánica)
942 _2udc
999 _c50409
_d50409